Dopasuj szczyt do pasma - Statystyki

Ogólne statystyki
  • Ten quiz został rozwiązany 18 razy
  • Średni wynik to 7 z 12
Statystyki odpowiedzi
Szczyt Pasmo % Poprawnych
Nosal Tatry
94%
Sarnia Skała Tatry
94%
Śnieżka Karkonosze
88%
Trzy Korony Pieniny
75%
Turbacz Gorce
69%
Radziejowa Beskid sądecki
63%
Gówniak Beskid Żywiecki
63%
Kowadło Góry Złote
56%
Śnieżnik Masyw Śnieżnika
50%
Rudawiec Góry Bialskie
31%
Dzikowiec Góry Kamienne
31%
Trójgarb Góry Wałbrzyskie
25%
Nie znaleziono quizów pasujących do podanych kryteriów
Rozkład punktacji
Procent ludzi z każdym wynikiem
Percentyl według liczby udzielonych odpowiedzi
Twoja historia wyników
Nie rozwiązałeś tego quizu